Fundamentos de Hidraúlica e Instalaciones de Abastos en las Edificaciones / (Record no. 10094)

MARC details
000 -LEADER
campo de control de longitud fija 00435nam a2200145Ia 4500
005 - FECHA Y HORA DE LA ÚLTIMA TRANSACCIÓN
campo de control 20260328104247.0
008 - DATOS DE LONGITUD FIJA--INFORMACIÓN GENERAL
campo de control de longitud fija 260328s9999||||xx |||||||||||||| ||und||
100 ## - ENTRADA PRINCIPAL--NOMBRE DE PERSONA
Nombre de persona Melguizo Bermudez, Samuel
245 #0 - MENCIÓN DEL TÍTULO
Título Fundamentos de Hidraúlica e Instalaciones de Abastos en las Edificaciones /
Mención de responsabilidad, etc. Samuel Melguizo Bermudez
250 ## - MENCION DE EDICION
Mención de edición 2a ed.
260 ## - PUBLICACIÓN, DISTRIBUCIÓN, ETC.
Nombre del editor, distribuidor, etc. Universidad Nacional de Colombia
300 ## - DESCRIPCIÓN FÍSICA
Extensión 386 p.
650 ## - PUNTO DE ACCESO ADICIONAL DE MATERIA--TÉRMINO DE MATERIA
Término de materia o nombre geográfico como elemento de entrada ACERO
942 ## - ELEMENTOS DE ENTRADA SECUNDARIOS (KOHA)
Tipo de ítem Koha Libros
Holdings
Estatus retirado Estado de pérdida Estado de daño No para préstamo Colección Biblioteca de origen Biblioteca actual Ubicación en estantería Fecha de adquisición Número de inventario Total de préstamos Signatura topográfica completa Código de barras Visto por última vez Copia número Precio de reemplazo Tipo de ítem Koha
        General Biblioteca Gonzalo Peláez Caldas Biblioteca Gonzalo Peláez Caldas Colección general 28/03/2026 4185   693 M 493 4185 28/03/2026 1 28/03/2026 Libros